00361nam a2200133Ia 4500003000400000008004100004040001600045082001300061100001900074245005500093260004800148300001000196650002100206GCL140319s9999 xx 000 0 eng d aGCL / cGCL04a551bM P1 aMCGEARY, DEVID10aPHYSICAL GEOLOGY EARTH REVEALED / cMCGEARY, DEVID a[S.N] : bWM. C. BROWN PUBLISHERS ، c1994 a540 P04aPHYSICAL GEOLOGY